000 01450cam a2200337 i 4500
999 _c1503
_d1503
001 18619230
003 OSt
005 20230103122141.0
008 150515s2015 dcuab j 001 0beng
010 _a 2015017599
020 _a9781426321375 (pbk. : alk. paper)
040 _aDLC
_beng
_cDLC
_erda
_dDLC
_dKH8
042 _apcc
043 _af-ua---
082 0 0 _a932.021092 KRA
_223
100 1 _aKramer, Barbara.
_eauthor
245 1 0 _aCleopatra /
_cby Barbara Kramer.
264 1 _aWashington, DC :
_bNational Geographic,
_c2015.
300 _a48 pages :
_bcolor illustrations, color map ;
_c24 cm.
336 _atext
_2rdacontent
337 _aunmediated
_2rdamedia
338 _avolume
_2rdacarrier
490 0 _aNational Geographic readers
500 _aIncludes index.
505 0 _aWho was Cleopatra? -- Birth of a queen -- A star student -- In her time -- A fight for power -- A sneaky plan -- The comeback queen -- A celebration -- A royal son -- A change in power -- Meeting the queen -- On her own -- Cool facts about Cleopatra -- Trouble ahead -- The last queen of Egypt -- Cleopatra lives on -- Quiz whiz! -- Glossary.
600 0 0 _aCleopatra,
_cQueen of Egypt,
_d-30 B.C.
_vJuvenile literature.
650 0 _aQueens
_zEgypt
_vBiography
_vJuvenile literature.
906 _a7
_bcbc
_corignew
_d1
_eecip
_f20
_gy-gencatlg
942 _2ddc
_cNFIC